| 000 | 00882nas a2200301 4500 | ||
|---|---|---|---|
| 001 | BR0604164 | ||
| 003 | BR-BrBNA | ||
| 005 | 20231205110411.0 | ||
| 007 | ta | ||
| 008 | 230509b bl.|||p| |||| 00| 00por d | ||
| 040 |
_aBR-BrBNA _bpor _cBiblioteca Nacional de Agricultura |
||
| 041 | _a(Pt) | ||
| 072 | _aL73 | ||
| 100 | 1 | _aLoguercio, A.P. | |
| 100 | 1 | _aGroff, A.C.M. | |
| 100 | 1 | _aPedrozzo, A.F. | |
| 100 | 1 | _aWitt, N.M. | |
| 100 | 1 | _aSilva, M.S. e | |
| 100 | 1 | _aVargas, A.C. de | |
| 245 | 1 | _aAtividade in vitro do extrato de própolis contra agentes bacterianos da mastite bovina | |
| 650 | _aBOVINO | ||
| 650 | _aMAMITE | ||
| 650 | _aPRÓPOLIS | ||
| 650 | _aMEDICAMENTO | ||
| 773 | 0 |
_tPesquisa Agropecuária Brasileira (Brazil) _xISSN 0100-204X _g(Feb 2006), v. 41(2) p. 347-349 _wBR0604164 |
|
| 909 |
_a202311 _bLúcia _c55 _dLúcia Elande |
||
| 942 |
_2AGRIS _n0 _cANA |
||
| 999 |
_c187247 _d187247 |
||